20 Famous People from Puerto Rico - Statistics

General Stats
  • This quiz has been taken 51 times
  • The average score is 7 of 20
Answer Stats
Hint Answer % Correct
Singer whose biggest hit is "Livin' la Vida Loca" Ricky Martin
87%
Singer and actress nicknamed J.Lo whose parents were born in Puerto Rico Jennifer Lopez
83%
Singer whose biggest hit is "Despacito" Luis Fonsi
74%
Puero Rican-born actor who played in Gladiator, Walk the Line and Joker Joaquin Phoenix
57%
Rapper, singer, composer, and actor known as the "King of Reggaetón" Daddy Yankee
54%
Female tennis player won gold medal at the 2016 Olympics in Rio de Janeiro Monica Puig
37%
The most well-rounded Latino baseball player of all time in Major League Baseball Roberto Clemente
37%
Actor who won Oscar for his role in the movie Traffic Benicio del Toro
33%
Actress who won Academy Award for playing Anita in the 1962 movie "West Side Story" Rita Moreno
28%
Basketball player who won an NBA championship with the Dallas Mavericks in 2011 Juan Jose Barea
26%
Actor who portrayed Gomez Addams in two film adaptations of The Addams Family Raúl Juliá
24%
Singer and actor who portrayed Rico Santos in four films in the Fast & Furious franchise Don Omar
22%
Stage name of Latin pop singer Elmer Figueroa Arce Chayanne
17%
Musician, singer and composer who was born blind José Feliciano
17%
Actor who won Academy Award in 1950 for playing Cyrano de Bergerac José Ferrer
15%
Considered one of the best welterweight boxers in history who competed from 1990 to 2008 Félix Trinidad
13%
Actress who played Carmen Luna on the Lifetime comedy-drama Devious Maids Roselyn Sánchez
13%
Actor best known for films Boogie Nights, The Limey, and Traffic and the series Narcos Luis Guzmán
11%
Boxer who competed from 1980 to 2010, and was a world champion in three weight classes Héctor Camacho
2%
One of the world's highest paid models Joan Smalls
2%
No matching quizzes found
Score Distribution
Percent of People with Each Score
Percentile by Number Answered
Your Score History
You have not taken this quiz